[Event "Kimberley Moja"]
[Site "Kimberley"]
[Date "2022.03.27"]
[Round "9"]
[White "Kaulule Siame, Kela"]
[Black "Short, Nigel D"]
[Result "0-1"]
[WhiteElo "2182"]
[BlackElo "2620"]
[PlyCount "76"]
[EventDate "2022.03.19"]
[EventType "tourn"]
[EventRounds "9"]
[EventCountry "RSA"]
[EventCategory "1"]
[SourceTitle "EXT 2023"]
[Source "ChessBase"]
[SourceDate "2022.10.05"]
[SourceVersion "1"]
[SourceVersionDate "2022.10.05"]
[SourceQuality "1"]

1. d4 d5 2. Bg5 f6 3. Bh4 Nh6 4. f3 Nc6 5. e4 dxe4 6. d5 Nf5 7. fxe4 Ne3 8. Qd2 Nxf1 9. Kxf1 Ne5 10. Bg3 e6 11. Nc3 Bc5 12. Bf2 Qe7 13. h3 0-0 14. Nge2 f5 15. Bxc5 Qxc5 16. Qd4 fxe4+ 17. Kg1 Qxd4+ 18. Nxd4 exd5 19. Nxd5 c5 20. Nb3 b6 21. Ne7+ Kh8 22. Nxc8 Raxc8 23. Re1 Nc4 24. Rxe4 Nxb2 25. Kh2 Rce8 26. Rhe1 Rxe4 27. Rxe4 h6 28. Kg3 Rf1 29. h4 a5 30. Re8+ Kh7 31. h5 Rd1 32. Re2 Nc4 33. a4 Kg8 34. Kg4 Kf7 35. Re4 Nd6 36. Rf4+ Ke6 37. g3 Ke5 38. Kf3 c4 0-1

[Event "Kimberley Moja"]
[Site "Kimberley"]
[Date "2022.03.25"]
[Round "7"]
[White "Parodi, Alessandro"]
[Black "Kaulule Siame, Kela"]
[Result "0-1"]
[WhiteElo "2011"]
[BlackElo "2182"]
[PlyCount "96"]
[EventDate "2022.03.19"]
[EventType "tourn"]
[EventRounds "9"]
[EventCountry "RSA"]
[EventCategory "1"]
[SourceTitle "EXT 2023"]
[Source "ChessBase"]
[SourceDate "2022.10.05"]
[SourceVersion "1"]
[SourceVersionDate "2022.10.05"]
[SourceQuality "1"]

1. d4 d5 2. c4 e6 3. Nc3 c6 4. cxd5 exd5 5. Qc2 Bd6 6. Nf3 Ne7 7. Bg5 f6 8. Bh4 Bf5 9. Qb3 Qb6 10. e3 Na6 11. Be2 Nb4 12. 0-0 Bc2 13. Qa3 Nf5 14. Na4 Qa5 15. Nc5 Qxa3 16. bxa3 Bxc5 17. dxc5 Bd3 18. Nd4 Bxe2 19. Nxe2 Nd3 20. Bg3 Nxc5 21. Rfc1 Ne4 22. Rab1 0-0-0 23. Nf4 Rhe8 24. Rb4 d4 25. exd4 Nxd4 26. Rcb1 Nd2 27. Rxb7 Nxb1 28. Rxb1 Nc2 29. Nh5 Re1+ 30. Rxe1 Nxe1 31. Nxg7 Rd1 32. Kf1 Ra1 33. Ne8 Nf3+ 34. Ke2 Re1+ 35. Kxf3 Rxe8 36. Kf4 c5 37. Kf5 c4 38. Bf4 c3 39. g4 c2 40. h4 Kd7 41. g5 fxg5 42. Kxg5 Re2 43. f3 Rf2 44. Kh6 Rxf3 45. Bg5 Rf7 46. a4 a5 47. a3 Ke8 48. Bc1 Kf8 0-1

[Event "Kimberley Moja"]
[Site "Kimberley"]
[Date "2022.03.21"]
[Round "3"]
[White "Zaibi, Amir"]
[Black "Kaulule Siame, Kela"]
[Result "1-0"]
[WhiteElo "2389"]
[BlackElo "2182"]
[PlyCount "121"]
[EventDate "2022.03.19"]
[EventType "tourn"]
[EventRounds "9"]
[EventCountry "RSA"]
[EventCategory "1"]
[SourceTitle "CBM 207 Extra"]
[Source "ChessBase"]
[SourceDate "2022.05.31"]
[SourceVersion "1"]
[SourceVersionDate "2022.05.31"]
[SourceQuality "1"]

1. e4 b6 2. d4 Bb7 3. Bd3 e6 4. Nf3 Nf6 5. Qe2 Be7 6. 0-0 d6 7. Re1 c5 8. dxc5 dxc5 9. Bb5+ Nc6 10. Ne5 Qc8 11. Nc3 0-0 12. Nxc6 Bxc6 13. a4 e5 14. Bxc6 Qxc6 15. Bg5 Rfd8 16. Bxf6 Bxf6 17. Nd5 Rd6 18. Qc4 a6 19. Ra3 Bd8 20. Rb3 Ra7 21. Rc3 h6 22. a5 b5 23. Qxc5 Qxc5 24. Rxc5 Bxa5 25. Ra1 Bb6 26. Rc8+ Kh7 27. Rb8 Bc5 28. b4 Bd4 29. c3 Rxd5 30. exd5 Bxc3 31. Rd1 Rd7 32. Rb6 Bd4 33. Rxa6 Rxd5 34. Kf1 Rd7 35. Ra5 Rc7 36. Ke2 Rc2+ 37. Rd2 Rc4 38. Rxb5 Bc3 39. Rc5 Re4+ 40. Kd3 Bxd2 41. Kxe4 Bxb4 42. Rxe5 Kg6 43. Rb5 Bc3 44. Rb7 Ba1 45. g4 Bc3 46. Rb3 Be1 47. Rf3 Ba5 48. h4 f6 49. h5+ Kh7 50. Kf5 Bb6 51. Rf4 Ba7 52. f3 Be3 53. Rb4 Bd2 54. Rb8 Bc1 55. Ke6 Bd2 56. Kf7 f5 57. gxf5 Bc3 58. Rg8 Bf6 59. Rxg7+ Bxg7 60. f6 Bh8 61. Ke7 1-0

[Event "RSA-chT Regions"]
[Site "Boksburg"]
[Date "2020.01.11"]
[Round "6.1"]
[White "Mpya, Tshediso M"]
[Black "Kaulule Siame, Kela"]
[Result "0-1"]
[WhiteElo "1911"]
[BlackElo "2134"]
[PlyCount "64"]
[EventDate "2020.01.09"]
[EventType "team-swiss"]
[EventRounds "7"]
[EventCountry "RSA"]
[SourceTitle "CBM 194 Extra"]
[Source "ChessBase"]
[SourceDate "2020.03.31"]
[SourceVersion "1"]
[SourceVersionDate "2020.03.31"]
[SourceQuality "1"]
[WhiteTeam "Ekurhuleni Coaches"]
[BlackTeam "Johannesburg Black Bishops"]
[WhiteTeamCountry "RSA"]
[BlackTeamCountry "RSA"]

1. d4 Nf6 2. Bg5 g6 3. Bxf6 exf6 4. e4 Bg7 5. Nf3 d6 6. c4 0-0 7. Be2 Re8 8. Nc3 f5 9. exf5 Bxf5 10. 0-0 c6 11. Qb3 Qb6 12. Qxb6 axb6 13. Rfe1 Na6 14. Na4 Nb4 15. Nxb6 Nc2 16. Nxa8 Nxa1 17. Rxa1 Rxe2 18. b4 Be4 19. a4 Bxf3 20. gxf3 Re8 21. Nc7 Rc8 22. Nb5 cxb5 23. cxb5 Bxd4 24. Rd1 Rc4 25. Rb1 Bc3 26. a5 Rxb4 27. Rc1 Bd4 28. b6 Bc5 29. Ra1 Rb2 30. a6 bxa6 31. Rxa6 Bxf2+ 32. Kf1 Bxb6 0-1

[Event "RSA-chT Regions"]
[Site "Boksburg"]
[Date "2020.01.09"]
[Round "2.1"]
[White "Samuels, Ethan"]
[Black "Kaulule Siame, Kela"]
[Result "0-1"]
[WhiteElo "1855"]
[BlackElo "2134"]
[PlyCount "112"]
[EventDate "2020.01.09"]
[EventType "team-swiss"]
[EventRounds "7"]
[EventCountry "RSA"]
[SourceTitle "CBM 194 Extra"]
[Source "ChessBase"]
[SourceDate "2020.03.31"]
[SourceVersion "1"]
[SourceVersionDate "2020.03.31"]
[SourceQuality "1"]
[WhiteTeam "Western Province Youth"]
[BlackTeam "Johannesburg Black Bishops"]
[WhiteTeamCountry "RSA"]
[BlackTeamCountry "RSA"]

1. e4 b6 2. d4 Bb7 3. Bd3 e6 4. Nf3 Nf6 5. Qe2 c5 6. c3 Be7 7. 0-0 d6 8. Nbd2 Nbd7 9. a4 a6 10. e5 dxe5 11. dxe5 Nd5 12. Ne4 h6 13. Rd1 Qc7 14. Ng3 g6 15. c4 Nb4 16. Be4 Nc6 17. b3 a5 18. Bb2 0-0-0 19. Bc2 g5 20. Re1 g4 21. Nd2 h5 22. Be4 Ndxe5 23. Bxe5 Nxe5 24. Bxb7+ Kxb7 25. Qe4+ Nc6 26. Rad1 Rd4 27. Qe2 h4 28. Ngf1 h3 29. g3 Rhd8 30. f3 Ka6 31. fxg4 Qd7 32. Qe3 e5 33. g5 Qg4 34. Qe2 Qxe2 35. Rxe2 Bxg5 36. Kf2 f6 37. Ke1 Nb4 38. Rb1 Rd3 39. Ne4 Nc6 40. Nf2 Rc3 41. Ne4 Rf3 42. Nxg5 fxg5 43. Re3 Nd4 44. Rxf3 Nxf3+ 45. Ke2 g4 46. Rb2 Rd4 47. Ke3 Kb7 48. Ke2 Kc6 49. Ra2 Kd7 50. Rb2 Ke6 51. Ra2 e4 52. Rb2 Ke5 53. Ra2 Rd3 54. Rb2 Kd4 55. Rb1 e3 56. Rb2 Ke4 0-1

[Event "ZAM-ch op"]
[Site "Lusaka"]
[Date "2017.04.02"]
[Round "9"]
[White "Kaulule Siame, Kela"]
[Black "Kabwe, Timothy"]
[Result "1/2-1/2"]
[WhiteElo "2161"]
[BlackElo "2159"]
[PlyCount "135"]
[EventDate "2017.03.29"]
[EventType "swiss"]
[EventRounds "9"]
[EventCountry "ZAM"]
[SourceTitle "EXT 2018"]
[Source "ChessBase"]
[SourceDate "2017.10.13"]
[SourceVersion "1"]
[SourceVersionDate "2017.10.13"]
[SourceQuality "1"]

1. d4 d5 2. Bg5 c5 3. dxc5 Nc6 4. c3 a5 5. e4 dxe4 6. Qa4 h6 7. Be3 Bf5 8. Nd2 Nf6 9. Bb5 Qc7 10. Ne2 e5 11. Ng3 Bg6 12. Ngxe4 Nxe4 13. Nxe4 Be7 14. Nd6+ Bxd6 15. cxd6 Qxd6 16. Rd1 Qc7 17. Bc5 Bf5 18. 0-0 f6 19. Qc4 Bd7 20. Rd2 0-0-0 21. Bd6 Qb6 22. b4 Rhe8 23. bxa5 Qxa5 24. Rfd1 Be6 25. Qc5 Bg4 26. Rb1 Re7 27. Bxe7 Rxd2 28. Bxc6 Qxc5 29. Bxb7+ Kc7 30. Bxc5 Bf5 31. Rc1 Kxb7 32. Bf8 Rd7 33. c4 Kc6 34. c5 h5 35. h3 g6 36. a4 Ra7 37. Rd1 Rd7 38. Ra1 Ra7 39. Ra2 Rf7 40. Bd6 Ra7 41. Rb2 Rxa4 42. Rb6+ Kd5 43. Bf8 Ra1+ 44. Kh2 e4 45. Rxf6 Rc1 46. Kg3 Rc3+ 47. Kf4 Rc2 48. Kg3 Rc3+ 49. Kh4 e3 50. fxe3 Rxe3 51. Rd6+ Kc4 52. c6 Re8 53. c7 Rc8 54. Rc6+ Kd5 55. Rc5+ Ke6 56. Bh6 Kd6 57. Rc1 Kd7 58. Bf4 Re8 59. Kg5 Be4 60. Re1 Kc8 61. g3 Re6 62. h4 Bf5 63. Ra1 Re8 64. Ra6 Kd7 65. Rxg6 Bxg6 66. Kxg6 Rh8 67. Be5 Re8 68. Bf4 1/2-1/2

[Event "ZAM-ch op"]
[Site "Lusaka"]
[Date "2017.03.31"]
[Round "5"]
[White "Kaulule Siame, Kela"]
[Black "Kameya, Robson"]
[Result "1/2-1/2"]
[WhiteElo "2161"]
[BlackElo "2122"]
[PlyCount "231"]
[EventDate "2017.03.29"]
[EventType "swiss"]
[EventRounds "9"]
[EventCountry "ZAM"]
[SourceTitle "EXT 2018"]
[Source "ChessBase"]
[SourceDate "2017.10.13"]
[SourceVersion "1"]
[SourceVersionDate "2017.10.13"]
[SourceQuality "1"]

1. d4 Nf6 2. Bg5 d5 3. Bxf6 gxf6 4. e3 c5 5. dxc5 Qa5+ 6. Nc3 e6 7. Qd4 Nc6 8. Bb5 Bg7 9. Nge2 0-0 10. Qh4 Ne5 11. a3 a6 12. b4 Qd8 13. Bd3 f5 14. Qxd8 Rxd8 15. 0-0 Bd7 16. Nd4 Rdc8 17. Nce2 Ng6 18. f4 Nf8 19. Rfc1 Rc7 20. c4 dxc4 21. Bxc4 Ng6 22. Rab1 e5 23. Nf3 exf4 24. exf4 h6 25. Rd1 Kf8 26. Nfd4 a5 27. g3 Ne7 28. Nc3 axb4 29. axb4 Bxd4+ 30. Rxd4 Bc6 31. Nb5 Bxb5 32. Bxb5 Nc6 33. Rd5 Ra2 34. Bxc6 bxc6 35. Rxf5 Kg7 36. Rf1 Rb2 37. Re5 Rd7 38. Rf2 Rxb4 39. Rc2 Rb5 40. Kf2 Kf6 41. Kf3 Kg7 42. Kg4 Rd4 43. Rc3 Rd2 44. h3 Ra5 45. Re7 Rd5 46. Rc7 Rdxc5 47. Rxc6 Rxc3 48. Rxc3 Ra6 49. Rc5 Rg6+ 50. Kh4 Ra6 51. Rc3 Rg6 52. f5 Ra6 53. g4 Rb6 54. Kh5 Ra6 55. h4 Rb6 56. Rc8 Ra6 57. Rb8 Rc6 58. Rb7 Rc5 59. Rb6 Rc4 60. Rxh6 f6 61. Rg6+ Kf7 62. g5 fxg5 63. hxg5 Rc1 64. Kg4 Rg1+ 65. Kf4 Rf1+ 66. Ke4 Re1+ 67. Kd3 Rf1 68. Rf6+ Kg7 69. Ke3 Rg1 70. Rg6+ Kf7 71. Ke2 Rg4 72. Kf3 Rg1 73. Kf4 Rf1+ 74. Ke4 Re1+ 75. Kd5 Rd1+ 76. Kc6 Rg1 77. Kd7 Rg2 78. Kc7 Rg1 79. Kc8 Rg2 80. Kd8 Rd2+ 81. Kc7 Rg2 82. Kd7 Rg1 83. Rf6+ Kg7 84. Ke6 Rxg5 85. Rf7+ Kg8 86. Rd7 Rg1 87. Rd8+ Kh7 88. f6 Re1+ 89. Kf7 Ra1 90. Re8 Ra6 91. Re1 Ra7+ 92. Re7 Ra8 93. Rb7 Rc8 94. Ra7 Rb8 95. Re7 Ra8 96. Rd7 Rb8 97. Ke6+ Kg8 98. Rg7+ Kf8 99. Rh7 Rb6+ 100. Kf5 Rb1 101. Rh8+ Kf7 102. Rh7+ Kf8 103. Rh8+ Kf7 104. Rh7+ Kf8 105. Rh4 Kf7 106. Rf4 Rb6 107. Kg5 Rb1 108. Rf2 Ra1 109. Rf3 Rb1 110. Rf5 Rh1 111. Ra5 Rg1+ 112. Kf5 Rf1+ 113. Ke5 Re1+ 114. Kf5 Rf1+ 115. Ke5 Rb1 116. Ra7+ 1/2-1/2

[Event "ZAM-ch op"]
[Site "Lusaka"]
[Date "2017.03.29"]
[Round "1"]
[White "Kaulule Siame, Kela"]
[Black "Jurgensen, Graham"]
[Result "0-1"]
[WhiteElo "2161"]
[BlackElo "2007"]
[PlyCount "116"]
[EventDate "2017.03.29"]
[EventType "swiss"]
[EventRounds "9"]
[EventCountry "ZAM"]
[SourceTitle "EXT 2018"]
[Source "ChessBase"]
[SourceDate "2017.10.13"]
[SourceVersion "1"]
[SourceVersionDate "2017.10.13"]
[SourceQuality "1"]

1. d4 Nf6 2. Bg5 e6 3. e4 d5 4. e5 h6 5. Be3 Nfd7 6. f4 c5 7. c3 Nc6 8. Nf3 Be7 9. Bd3 0-0 10. a3 c4 11. Bc2 Qb6 12. Ra2 f6 13. Qe2 f5 14. 0-0 Qd8 15. h3 Kh7 16. Ng5+ hxg5 17. Qh5+ Kg8 18. fxg5 Re8 19. g4 Nf8 20. gxf5 exf5 21. g6 Be6 22. Bxf5 Qd7 23. Bc2 Bd8 24. Nd2 Ne7 25. Rf7 Bxh3 26. Kh2 Bg4 27. Rxf8+ Kxf8 28. Qh8+ Ng8 29. Ra1 Be2 30. Rg1 Qc7 31. Kh1 Qe7 32. Bf2 Qe6 33. Rg2 Bd3 34. Ba4 Re7 35. Qh7 b5 36. Bd1 Ke8 37. Bg4 Bxg6 38. Qh8 Qf7 39. Bh4 Qf8 40. Rf2 Rf7 41. Bf3 Nh6 42. Qxf8+ Rxf8 43. Bg3 Bg5 44. Kg2 Rd8 45. e6 Nf5 46. Bc7 Rc8 47. e7 Rf7 48. Bg3 Nxg3 49. Kxg3 Bf4+ 50. Kg4 Bxd2 51. Rxd2 Bh5+ 52. Kxh5 Rxf3 53. Re2 Rc7 54. Re5 Rxe7 55. Rxd5 Re6 56. Kg4 Rf1 57. Rxb5 Rg6+ 58. Kh5 Rg2 0-1

[Event "Johannesburg PSS op"]
[Site "Johannesburg"]
[Date "2016.04.24"]
[Round "8"]
[White "Van der Westhuizen, Willem"]
[Black "Kaulule Siame, Kela"]
[Result "1/2-1/2"]
[WhiteElo "2066"]
[BlackElo "2147"]
[PlyCount "96"]
[EventDate "2016.04.23"]
[EventType "swiss"]
[EventRounds "10"]
[EventCountry "RSA"]
[SourceTitle "CBM 172 Extra"]
[Source "ChessBase"]
[SourceDate "2016.06.21"]
[SourceVersion "1"]
[SourceVersionDate "2016.06.21"]
[SourceQuality "1"]

1. e4 b6 2. d4 Bb7 3. e5 e6 4. Nf3 d6 5. Nc3 Nd7 6. Bf4 a6 7. Qe2 d5 8. Qd2 c5 9. Ne2 cxd4 10. Nexd4 Ne7 11. Bd3 Ng6 12. Bg3 Bc5 13. c3 Qc7 14. Qe2 Be7 15. h4 Nc5 16. h5 Nxd3+ 17. Qxd3 Nf8 18. h6 g6 19. 0-0 Nd7 20. b4 Rc8 21. Rac1 0-0 22. Rfe1 Qd8 23. Qd2 b5 24. Qf4 Re8 25. Bh4 Bxh4 26. Nxh4 Rc4 27. Nhf3 Qe7 28. Ng5 Bc8 29. Re3 Nxe5 30. Rxe5 f6 31. Rxe6 Bxe6 32. Ngxe6 Rec8 33. Nc5 a5 34. a3 Qe5 35. Qxe5 fxe5 36. Nxb5 Rc6 37. Rd1 axb4 38. axb4 d4 39. cxd4 Rxb4 40. d5 Rxc5 41. d6 Rc8 42. Na7 Ra8 43. Nc6 Rbb8 44. d7 Rd8 45. Nxd8 Rxd8 46. Kf1 Kf7 47. Ke2 Ke6 48. Ke3 Rxd7 1/2-1/2

[Event "Johannesburg PSS op"]
[Site "Johannesburg"]
[Date "2016.04.23"]
[Round "7"]
[White "Swartz, David Saul"]
[Black "Kaulule Siame, Kela"]
[Result "0-1"]
[WhiteElo "1943"]
[BlackElo "2147"]
[PlyCount "29"]
[EventDate "2016.04.23"]
[EventType "swiss"]
[EventRounds "10"]
[EventCountry "RSA"]
[SourceTitle "CBM 172 Extra"]
[Source "ChessBase"]
[SourceDate "2016.06.21"]
[SourceVersion "1"]
[SourceVersionDate "2016.06.21"]
[SourceQuality "1"]

1. a3 b6 2. b4 Bb7 3. Bb2 d6 4. f4 Nd7 5. Nf3 Ngf6 6. e3 g6 7. Bc4 Bg7 8. 0-0 0-0 9. h3 c5 10. g4 cxb4 11. axb4 Qc7 12. Be2 e5 13. f5 gxf5 14. gxf5 Nd5 15. d3 0-1

[Event "Johannesburg Tsogo Sun op"]
[Site "Johannesburg"]
[Date "2015.07.18"]
[Round "7"]
[White "Simutowe, Musatwe"]
[Black "Kaulule Siame, Kela"]
[Result "0-1"]
[WhiteElo "2123"]
[BlackElo "2144"]
[PlyCount "100"]
[EventDate "2015.07.15"]
[EventType "swiss"]
[EventRounds "9"]
[EventCountry "RSA"]
[SourceTitle "CBM 167 Extra"]
[Source "ChessBase"]
[SourceDate "2015.09.14"]
[SourceVersion "1"]
[SourceVersionDate "2015.09.14"]
[SourceQuality "1"]

1. e4 b6 2. d4 Bb7 3. Nc3 Nf6 4. Bd3 e6 5. a3 Be7 6. Nf3 c5 7. Qe2 d6 8. 0-0 Nbd7 9. Bg5 a6 10. Rfe1 h6 11. Bd2 cxd4 12. Nxd4 Ne5 13. f4 Nxd3 14. cxd3 0-0 15. Be3 b5 16. Kh1 Qd7 17. Rf1 Nh7 18. Nb3 Rac8 19. Rac1 f5 20. Bg1 Nf6 21. Nd2 Rfe8 22. Rfe1 Nh7 23. Nf3 Bf6 24. d4 fxe4 25. Nxe4 Bd5 26. Nfd2 Bh4 27. Red1 Rf8 28. Qe3 Rxc1 29. Rxc1 Qb7 30. g3 Be7 31. h3 Nf6 32. Re1 Rc8 33. Qd3 Qc6 34. Kh2 Nxe4 35. Nxe4 Qc2+ 36. Nf2 Qxd3 37. Nxd3 Rc2+ 38. Nf2 Bf6 39. Rd1 Rxb2 40. h4 h5 41. Kh3 Ra2 42. Rd3 Bc4 43. Rd1 Be2 44. Rc1 Bxd4 45. Rc6 Bxf2 46. Bxf2 Bf3 47. Rc8+ Kh7 48. g4 Rxf2 49. Kg3 Bb7 50. Rc7 Rg2+ 0-1

[Event "Johannesburg Tsogo Sun op"]
[Site "Johannesburg"]
[Date "2015.07.17"]
[Round "5"]
[White "Oatlhotse, Providence"]
[Black "Kaulule Siame, Kela"]
[Result "1-0"]
[WhiteElo "2239"]
[BlackElo "2144"]
[PlyCount "131"]
[EventDate "2015.07.15"]
[EventType "swiss"]
[EventRounds "9"]
[EventCountry "RSA"]
[SourceTitle "CBM 167 Extra"]
[Source "ChessBase"]
[SourceDate "2015.09.14"]
[SourceVersion "1"]
[SourceVersionDate "2015.09.14"]
[SourceQuality "1"]

1. d4 d5 2. c4 c6 3. Nf3 e6 4. Nbd2 Nf6 5. e3 Nbd7 6. Bd3 Bd6 7. 0-0 0-0 8. b3 Qe7 9. Bb2 e5 10. e4 dxe4 11. Bxe4 Bc7 12. Bc2 exd4 13. Re1 Qc5 14. Bxd4 Qh5 15. Nf1 b6 16. Bb2 Bb7 17. Ng3 Bxg3 18. hxg3 c5 19. Ne5 Nb8 20. Qxh5 Nxh5 21. Rad1 Nf6 22. Rd6 h6 23. f3 Na6 24. a3 Rfd8 25. Red1 Rxd6 26. Rxd6 Kf8 27. Kf2 Ke7 28. Rd2 Nc7 29. Re2 Kf8 30. Rd2 Ke7 31. Bf5 Ne6 32. Re2 Re8 33. Nd3 Bc8 34. Nf4 Kf8 35. Nd5 Nd7 36. f4 g6 37. Bd3 Nb8 38. Re1 Nd4 39. Rxe8+ Kxe8 40. Bxd4 cxd4 41. Nc7+ Kd8 42. Nb5 Nc6 43. Be4 Na5 44. Nxd4 Kc7 45. Bd5 Be6 46. Bxe6 fxe6 47. Nxe6+ Kd6 48. Nd4 a6 49. Ke3 Nb7 50. b4 Nd8 51. g4 Nf7 52. Ke4 Nd8 53. g3 Nf7 54. Nf3 Ke6 55. c5 bxc5 56. bxc5 Nd8 57. Nd4+ Kd7 58. Ke5 Ke7 59. Kd5 Kd7 60. c6+ Kc8 61. Kd6 Nf7+ 62. Ke7 Nd8 63. Kf6 g5 64. f5 a5 65. Ke7 a4 66. f6 1-0

[Event "Centurion Capablanca FM"]
[Site "Centurion"]
[Date "2014.05.03"]
[Round "8"]
[White "Kaulule Siame, Kela"]
[Black "Solomons, Anzel"]
[Result "1-0"]
[WhiteElo "2045"]
[BlackElo "1887"]
[PlyCount "85"]
[EventDate "2014.04.26"]
[EventType "tourn"]
[EventRounds "9"]
[EventCountry "RSA"]
[SourceTitle "CBM 160 Extra"]
[Source "ChessBase"]
[SourceDate "2014.07.01"]
[SourceVersion "1"]
[SourceVersionDate "2014.07.01"]
[SourceQuality "1"]

1. d4 d5 2. Bg5 c6 3. Nf3 h6 4. Bf4 e6 5. e3 Nf6 6. Nbd2 Nbd7 7. c4 Be7 8. Bd3 0-0 9. h3 b6 10. g4 g5 11. Bg3 Kg7 12. h4 Rh8 13. hxg5 hxg5 14. Rxh8 Qxh8 15. Nxg5 Qh1+ 16. Bf1 dxc4 17. a3 c5 18. Ngf3 Bb7 19. Ne5 Nxe5 20. Bxe5 Rd8 21. g5 Qg1 22. Qh5 cxd4 23. exd4 Rd5 24. gxf6+ Bxf6 25. Bxf6+ Kxf6 26. Qh4+ Kg7 27. 0-0-0 Qg6 28. Nxc4 Rh5 29. Qg3 Rg5 30. Qe3 Bd5 31. Bd3 Qh5 32. f4 Rg2 33. Qe5+ Qxe5 34. fxe5 Rg4 35. Bf1 Rf4 36. Ne3 Bf3 37. Rd2 Re4 38. Nc2 Rg4 39. Rf2 Be4 40. Ne3 Rg1 41. Kd2 Rg3 42. Bg2 Bg6 43. Rf4 1-0

[Event "Centurion Capablanca FM"]
[Site "Centurion"]
[Date "2014.04.28"]
[Round "3"]
[White "Kaulule Siame, Kela"]
[Black "Davies, Jason S"]
[Result "1/2-1/2"]
[WhiteElo "2045"]
[BlackElo "2041"]
[PlyCount "81"]
[EventDate "2014.04.26"]
[EventType "tourn"]
[EventRounds "9"]
[EventCountry "RSA"]
[SourceTitle "CBM 160 Extra"]
[Source "ChessBase"]
[SourceDate "2014.07.01"]
[SourceVersion "1"]
[SourceVersionDate "2014.07.01"]
[SourceQuality "1"]

1. d4 Nf6 2. Bg5 c5 3. dxc5 Ne4 4. Be3 e6 5. b4 a5 6. f3 Qh4+ 7. g3 Nxg3 8. hxg3 Qxh1 9. Nh3 Qh2 10. Bf2 h5 11. Nc3 h4 12. Ne4 f5 13. Bg1 Qxg1 14. Nxg1 fxe4 15. Qd4 axb4 16. Qxe4 Bxc5 17. Qg6+ Kf8 18. gxh4 Rh6 19. Qg4 Nc6 20. Nh3 d5 21. Qf4+ Rf6 22. Qc7 Rf7 23. Qg3 Nd4 24. Qg6 Rf6 25. Qd3 Ra3 26. Qd2 e5 27. Ng5 Bf5 28. Rc1 Rxa2 29. e4 dxe4 30. fxe4 Bxe4 31. Bg2 Bxc2 32. Nh7+ Ke7 33. Nxf6 gxf6 34. Qh6 Ke6 35. Qg7 b3 36. Qxb7 b2 37. Bd5+ Kf5 38. Rxc2 Ra1+ 39. Kd2 b1Q 40. Qh7+ Kg4 41. Qe4+ 1/2-1/2